00274pab a2200121 454500008004000000100001900040245001000059260000900069300000800078362000900086650004600095773001100141180718b1983 xxu||||| |||| 00| 0 eng d aDatta, Abhijit aDelhi c1983 a3-9 aAug. aCities And Towns - Growth - India - Delhi aCities